Allgemeinwissen-Quiz #75 - Statistiken

Allgemein
  • Dieses Quiz wurde 59 mal gespielt
  • Das Durchschnittsergebnis liegt bei 13 aus 20
Antwortstatistiken
Frage Antwort % Korrekt
Auf welchem Bild sieht man eine Bulldogge?
92%
Was machen Schwimmer, wenn sie kopfüber ins Becken springen? hechten
91%
Wobei handelt es sich auch um ein blutsaugendes Insekt? Bremse
89%
Woraus bestehen die Haare der Medusa? Schlangen
89%
Welcher ist kein Harry-Potter-Titel? Der Drachenprinz
83%
Wenn etwas unglaublich ist, handelt es sich um ein ...? dicken Hund
81%
In welchem Land befindet sich der längste Fjord Europas? Norwegen
81%
Wer war kein Mitglied der Band The Beatles? John Deacon
79%
Welcher Baum steht symbolisch für Russland? Birke
68%
Wofür steht die Abkürzung ICE bei der US-amerikanischen Behörde? Immigration and Customs Enforcement
68%
Auf welchem Bild ist Monica Bellucci zu sehen?
62%
Wie viel Zündkerzen hat ein Dieselmotor? Keine
60%
Mit welcher Sportart verbindet man Barry Bonds und Babe Ruth? Baseball
58%
Aus welchem Song stammen diese Lyrics? "Risin' up, straight to the top Had the guts, got the glory Went the distance, now I'm not gonna stop" Eye of the Tiger
58%
Wer ist der Künstler des Gemäldes "Die Nachtwache", einem der bekanntesten Werke der Barockzeit? Rembrandt van Rijn
57%
Auf welchem Satellitenbild ist die Stadt New Orleans zu sehen?
49%
Welcher dieser Rapper/innen hat den Song "Bank Account" veröffentlicht?
34%
Aus wie vielen Mitgliedern besteht der Schweizerische Bundesrat? 7
34%
Was ist die offizielle Währung von Bhutan? Ngultrum
26%
Welche Karte hat in einer Schweizer Jassrunde den höchsten Wert, wenn Rosen Trumpf ist? Rosen Bauer
13%
Keine übereinstimmenden Quizze gefunden
Verteilung der Resultate
Anzahl Personen mit jedem Resultat
Perzentil nach korrekt beantworteten Fragen
Ihre Resultats-Entwicklung
Sie haben dieses Quiz noch nicht gespielt